zpět

Detail výsledku týmu

Hloupý Honza, Praha

Datum a čas kvízu

23 Celkem bodů Celkový počet nahraných bodů na tomto kvízu bez doplňovacích otázek.
12. Pořadí na kvízu Konečné umístění týmu na tomto kvízu.

Zaznamenané odpovědi

# Otázka Odpověď Body Výsledky
1. V neděli ve 13:30 se po celé r... 1
2. Náčelník policie jisté evropsk... 1
3. Hudební festival Colours of Os... 1
4. Americký miliardář a spoluzakl... 0
5. V úterý 6. listopadu kolem pol... 1
6. V tomto tématu se budeme pohyb... 0
7. Pokud bychom vyrazili z Los An... 1
8. Pokud se budeme z Českých Budě... 0
9. Ze kterého evropského státu mu... 1
10. Pokud se z Jihlavy budeme pohy... 1